Νάξος

Αποθηκεύτηκε σε:
Λεπτομέρειες βιβλιογραφικής εγγραφής
Κύριος συγγραφέας: Καρδαρά, Χρυσούλα Π.
Μορφή: Βιβλίο
Γλώσσα:Greek
Δημοσίευση: Αθήναι : Αρχαιολογική Εταιρεία, 1977-
Σειρά:Βιβλιοθήκη της εν Αθήναις Αρχαιολογικής Εταιρείας ; ; 88
Θέματα:
Ετικέτες: Προσθήκη ετικέτας
Δεν υπάρχουν, Καταχωρήστε ετικέτα πρώτοι!

MARC

LEADER 00000cam a2200000 i 4500
001 1/57302
008 071009m19779999 gre d
035 |l 10091295 
040 |a GR-MY-UA  |b gre  |e aacr 
041 0 |a gre  |b eng 
082 0 |a 938.27  |2 (22) 
100 1 |a Καρδαρά, Χρυσούλα Π. 
245 1 0 |a Νάξος /  |c υπό Χρυσούλας Καρδαρά 
260 |a Αθήναι :   |b Αρχαιολογική Εταιρεία,   |c 1977- 
300 |a ...τ.;  |b πιν., εικ., σχ.;  |c 30 εκ. 
490 1 |a Βιβλιοθήκη της εν Αθήναις Αρχαιολογικής Εταιρείας  |v ; 88 
500 |a Περίληψη στα αγγλικά 
504 |a Περιλαμβάνει βιβλιογραφίες και ευρετήριο 
505 0 |a τ.1. Απλώματα Νάξου. Κινητά ευρήματα τάφων Α και Β 
650 0 0 |a Excavations (Archaeology)  |z Greece  |z Naxos Island. 
650 0 |a Tombs  |z Greece  |z Naxos Island. 
651 0 |a Naxos Island (Greece)  |x Antiquities. 
830 0 |a Βιβλιοθήκη της εν Αθήναις Αρχαιολογικής Εταιρείας ;  |v ; 88 
852 |a INST  |b RHODES  |e 20071009  |h 928.27 ΚΑΡ  |p 005400025540  |q 005400025540  |t BK  |y 0 
901 |a BIBL4-2007-3 
909 |a Ρ  |b 138497 
922 |a 4ΕΛΗ  |b 200708  |c ΕΠΕΑΕΚ2/ΤΜΣ  |d Σ. ΠΑΤΑΚΗΣ 
970 |a ΧΑΡΙΟΠΟΛΙΤΟΥ  |b ΚΩΝΣΤΑΝΤΙΝΑ  |z 2007/10/09